000 00967nam a2200241 a 4500
001 84343
003 BD-RjUL
005 20241121150305.0
008 241121s2022 bg a|||| m||| 00| 0 eng d
035 _a(BD-RjUL)84343
040 _aBD-RjUL
_beng
_cBD-RjUL
_dBD-RjUL
041 _aeng
082 _a512.9432
_223
_bBAD 2022
100 _aBaki, Abu Naser Muhammad Abdul
_914364
245 1 0 _aDeterminants of life Expectancy in the who Health Regions :
_bA Compartive Syudy /
_cBy Abu Naser Muhammad Abdul Baki ;
_6Supervisor : Md. Nazrul iIslam Mondal
260 _aRajshahi :
_bInstitute of Environmental Sciences, University of Rajshahi,
_c2022
300 _axvi, 227 Leaves :
_bill, ;
_c29 cm.
502 _aThesis (Ph. D.) -- Institute of Environmental Sciences, University of Rajshahi, 2022
504 _aBibliography : Leaves 220-227
650 _aDeterminants
_vExpectancy
_914365
700 _aMondal, Md. Nazrul iIslam, Supervisor
_914366
942 _2ddc
_cTHE
999 _c84343
_d84343